书目信息 |
| 题名: |
十三届全国人大五次会议《政府工作报告》辅导读本
|
|
| 作者: | ;国务院研究室编写组 编 | |
| 分册: | ||
| 出版信息: | 北京 中国言实出版社 2022.03 |
|
| 页数: | 359页 | |
| 开本: | 21cm | |
| 丛书名: | ||
| 单 册: | ||
| 中图分类: | D623 | |
| 科图分类: | ||
| 主题词: | 政府工作报告--zheng fu gong zuo bao gao--中国--2022--学习参考资料 | |
| 电子资源: | ||
| ISBN: | 978-7-01-024630-7 | |
| 000 | 01044nam0 2200229 450 | |
| 001 | CAL 0120227384677 | |
| 005 | 20230217093112.0 | |
| 010 | @a978-7-01-024630-7@dCNY40.00 | |
| 100 | @a20220413d2022 em y0chiy0120 ea | |
| 101 | 0 | @achi |
| 102 | @aCN@b110000 | |
| 105 | @ay z 000yy | |
| 106 | @ar | |
| 200 | 1 | @a十三届全国人大五次会议《政府工作报告》辅导读本@Ashi san jie quan guo ren da wu ci hui yi 《 zheng fu gong zuo bao gao 》 fu dao du ben@e2022@f国务院研究室编写组 |
| 210 | @a北京@c中国言实出版社@c人民出版社@d2022.03 | |
| 215 | @a359页@d21cm | |
| 330 | @a本书共分三部分: 2021年工作回顾、2022年经济社会发展总体要求和政策取向、2022年政府工作任务。主要内容包括: 2021年我国经济社会发展取得新成就 ; 创新和完善宏观调控经济运行保持在合理区间 ; 优化和落实助企纾困政策经济恢复基础持续巩固等。 | |
| 606 | 0 | @a政府工作报告@Azheng fu gong zuo bao gao@y中国@z2022@j学习参考资料 |
| 690 | @aD623@v5 | |
| 711 | 02 | @a国务院研究室编写组@Aguo wu yuan yan jiu shi bian xie zu@4编 |
| 801 | 0 | @aCN@bBJXHZP@c20230228 |
| 905 | @b1390016-9@dD623@e233@f4 | |
| 十三届全国人大五次会议《政府工作报告》辅导读本:2022/国务院研究室编写组.-北京:中国言实出版社:人民出版社,2022.03 |
| 359页;21cm |
| ISBN 978-7-01-024630-7:CNY40.00 |
| 本书共分三部分: 2021年工作回顾、2022年经济社会发展总体要求和政策取向、2022年政府工作任务。主要内容包括: 2021年我国经济社会发展取得新成就 ; 创新和完善宏观调控经济运行保持在合理区间 ; 优化和落实助企纾困政策经济恢复基础持续巩固等。 |
| ● |
| 相关链接 |
|
|
|
|
正题名:十三届全国人大五次会议《政府工作报告》辅导读本
索取号:D623/233
 
预约/预借
| 序号 | 登录号 | 条形码 | 馆藏地/架位号 | 状态 | 备注 |
| 1 | 1390016 | 213900162 | 第一样本阅览室/ [索取号:D623/233] | 在馆 | |
| 2 | 1390017 | 213900171 | 第一借阅区/ [索取号:D623/233] | 在馆 | |
| 3 | 1390018 | 213900180 | 第一借阅区/ [索取号:D623/233] | 在馆 | |
| 4 | 1390019 | 213900199 | 第一借阅区/ [索取号:D623/233] | 在馆 |